00439nam a22001457a 4500999001900000003000500019038001300024082001800037100002400055245005300079260004300132300000800175942001200183952009800195 c528157d528157NUST aM.Ramzan a628.5028bKHO aKhopkar, S.M919741 aEnvironmental pullotion analysis /cS.M. khopkar aNew DelhibNew Age Internationalc1993 a244 2ddccBK 00102ddc4070aNITbNITd2019-08-30l0o628.5028 KHOpNIT-10270r2019-08-30w2019-08-30yBK